Antibiotiká neznášajú potenie

Bibliographic Details
Main Author: Súkeník, Lukáč (Adapter)
Format: Article
Language:Slovak
Subjects:

MARC

LEADER 00000nab a2200000 a 4500
001 vtls000779714
003 SK-MaSNL
005 20260305020612.0
008 250429c2001 xo 0 slo
015 |a SNBRB2002/02-03990 
035 |a CLN000131474 
035 |a urn:nbn:sk:snk-ab2jfp 
035 |a (urnnbn)urn:nbn:sk:snk:ar-a02i5m 
035 |a (uuid)d49613a1-8324-43f0-870b-b86c9d2517fc 
040 |a SNKBUCL  |b slo  |c SNKBUCL  |e AACR2 
041 0 |a slo 
044 |a xo  |c SK 
080 |a 615.33:616.56-008.8  |2 1997 
080 |a 616.56-008.8  |2 1997 
100 1 |a Súkeník, Lukáč  |4 adp  |9 842086 
245 1 0 |a Antibiotiká neznášajú potenie  |c Lukáč Súkeník 
500 |a Prevzaté z: Deutsche Apotheker Zeitung 140, 2000, 50, 6/5750 
650 0 7 |a potenie  |2 SNKPH  |9 1057921 
650 0 7 |a lieková rezistencia  |2 SNK  |9 75860 
650 0 7 |a antibiotiká  |2 SNKPH  |9 2424 
650 0 7 |a pot  |2 SNKPH  |9 1540274 
655 7 |a články z novín a časopisov  |2 SNK  |9 267496 
773 0 |t Lekárnik  |g Roč. 6, č. 9 (2001), s. 20-21 
850 |a Slovenská národná knižnica 
852 |a Slovenská národná knižnica 
954 |a odborná, vedecká literatúra pôvodná (slovenská)  |2 lita 
958 |a article27 
958 |a OND 
958 |a MI 
958 |a EUIPO 
992 |a RBX 
999 |c 3281521  |d 3283451